Διερεύνηση και καταγραφή των δυσχερειών εκμάθησης της Αραβικής γλώσσας από Έλληνες διδασκόμενους : διπλωματική εργασία [μεταπτυχιακή εργασία]

Αποθηκεύτηκε σε:
Λεπτομέρειες βιβλιογραφικής εγγραφής
Κύριος συγγραφέας: Χαραλάμπους, Μαρία
Συγγραφή απο Οργανισμό/Αρχή: Πανεπιστήμιο Αιγαίου Σχολή Ανθρωπιστικών Επιστημών Τμήμα Μεσογειακών Σπουδών Πρόγραμμα Μεταπτυχιακών Σπουδών Γλωσσολογία Νοτιοανατολικής Μεσογείου
Άλλοι συγγραφείς: Γαλαντόμος, Ιωάννης (dgs [Επιβλέπων καθηγητής])
Μορφή: Thesis Βιβλίο
Γλώσσα:Greek
Δημοσίευση: 2017.
Θέματα:
Διαθέσιμο Online:http://hdl.handle.net/11610/17620
Ετικέτες: Προσθήκη ετικέτας
Δεν υπάρχουν, Καταχωρήστε ετικέτα πρώτοι!

MARC

LEADER 00000cam a2200000 a 4500
001 1/114452
008 170713s2017####gr | ||| |||| ||gre||
040 |a GR-MyUa  |b gre  |c GR-MyUa  |e AACR2 
041 0 |a gre 
082 7 |a 492.7   |2 (23) 
100 1 |a Χαραλάμπους, Μαρία. 
245 1 0 |a Διερεύνηση και καταγραφή των δυσχερειών εκμάθησης της Αραβικής γλώσσας από Έλληνες διδασκόμενους :   |b διπλωματική εργασία [μεταπτυχιακή εργασία] /   |c Χαραλάμπους Μαρία ; επιβλέπων καθηγητής: Γαλαντόμος Ιωάννης.  
260 |c 2017.  
300 |a 100 σ. :   |b διαγρ., εικ. ;   |c 30 εκ.  
500 |a Υπάρχει ψηφιακό αντίγραφο.  
500 |a Μέλη εξεταστικής επιτροπής: Καραντζόλα Ελένη, Νικολού Καλομοίρα.  
502 # # |a Διατριβή (μεταπτυχιακή) – Πανεπιστήμιο Αιγαίου, Ρόδος, 2017. 
504 |a Βιβλιογραφία: σ. 70-71.  
506 1 |a Πλήρες κείμενο - Ενδοπανεπιστημιακή δημοσίευση.  
650 0 |a Arabic language  |x Study and teaching  |x Foreign speakers. 
650 0 |a Arabic language  |x Grammar, Comparative. 
650 0 |a Arabic language  |x Study and teaching  |x History. 
650 0 |a Arabic language  |x Grammar. 
700 1 |a Γαλαντόμος, Ιωάννης,  |e dgs [Επιβλέπων καθηγητής] 
710 2 |a Πανεπιστήμιο Αιγαίου  |b Σχολή Ανθρωπιστικών Επιστημών   |b Τμήμα Μεσογειακών Σπουδών   |b Πρόγραμμα Μεταπτυχιακών Σπουδών Γλωσσολογία Νοτιοανατολικής Μεσογείου. 
852 |a INST  |b RHODES  |c DIATR  |e 20170713  |h 492.7 ΧΑΡ  |p 005400039376  |q 005400039376  |t MTXE  |y 23 
856 |u http://hdl.handle.net/11610/17620 
924 |a Χαραλάμπους   |b Μαρία   |y Ρόδος  |z 2017-04  
970 |z 13-07-2017